| 000 | 01676cam a2200373Li 4500 | ||
|---|---|---|---|
| 001 | ocn946974613 | ||
| 003 | Co-BoUCM | ||
| 005 | 20161102084727.0 | ||
| 006 | m o d | ||
| 007 | cr |n||||||||| | ||
| 008 | 161102s2016 xxu fr 001 0 eng d | ||
| 020 | _a9781137351029 | ||
| 020 | _z1137351020 | ||
| 020 | _a9781137351012 | ||
| 020 | _z1137351012 | ||
| 035 | _a(OCoLC)946974613 | ||
| 040 |
_aCo-BoUCM _beng _cSaul Niño _dSaul Niño |
||
| 041 | 0 | _aeng | |
| 100 | 1 |
_aRaffnsoe, Sverre _d1959- _981514 |
|
| 245 | 1 | 0 |
_aMichel Foucault _ba research companion _cSverre Raffnsoe, Marius Gudmand- Hoyer, Morten S. Thaning |
| 260 |
_aNew York (Estados Unidos) _bPalgrave Macmillan _c2016 |
||
| 300 | _axviii, 491 páginas | ||
| 504 | _aIncluye referencias bibliográficas e índices | ||
| 505 | 0 | _aA philosophical trajectory -- Displacements and development: a familiar Foucault -- Contextuality and transversal categories: a less familiar Foucault -- Borders of madness -- A genealogy of structuralism and language -- Discipline, penitentiary, and delinquency -- Warfare as a model of power relations -- The governmentalization of the state -- The (neo)liberal art of governing -- Histories of sexualities -- The practices of the self -- Philosophy, enlightenment, diagnostics. | |
| 546 | _atexto en inglés | ||
| 600 | 1 | 0 |
_aFoucault, Michel _d1926-1984 _91666 |
| 650 | 7 |
_aFilosofía del pensamiento _915797 |
|
| 650 | 7 |
_aFilosofía moderna _915835 |
|
| 690 | 0 |
_aFilosofía _975 |
|
| 700 | 1 |
_aGudmand-Hoyer, Marius _981515 |
|
| 700 | 1 |
_aThaning, Morten S. _981516 |
|
| 942 |
_2DEWEY _a2 _cLIBRO _e1 _h194 _mM623fo |
||
| 999 |
_c305135 _d305135 |
||